| 000 | 00000nam 2200000zi 4500 |
| 001 | 9.946513 |
| 003 | CaOODSP |
| 005 | 20250224144124 |
| 006 | m o d f |
| 007 | cr mn||||||||| |
| 008 | 250106e19810420onc ob f000 0 fre d |
| 040 | |aCaOODSP|bfre|erda|cCaOODSP |
| 043 | |an-cn---|an-usu-- |
| 086 | 1 |aId35-10/1981F-PDF |
| 100 | 1 |aGlover, Robert S., |eauteur. |
| 245 | 10|aDébouchés pour les génisses laitières canadiennes dans neuf états du sud des États-Unis / |cRobert S. Glover, John C. McKissick, William A. Thomas. |
| 264 | 1|a[Ottawa] : |bGouvernement du Canada, Industrie et commerce = Government of Canada, Industry, Trade and Commerce, |c20 avril 1981. |
| 300 | |a1 ressource en ligne (40, 8, 30 pages) |
| 336 | |atexte|btxt|2rdacontent/fre |
| 337 | |ainformatique|bc|2rdamedia/fre |
| 338 | |aressource en ligne|bcr|2rdacarrier/fre |
| 500 | |aPublié aussi en anglais sous le titre : The potential for marketing Canadian dairy replacement heifers in a nine state area of the southern United States. |
| 500 | |aEn tête du titre : Études du marché des États-Unis. |
| 500 | |aÉdition numérisée de l'imprimé [par Innovation, sciences et développement économique Canada]. |
| 504 | |aComprend des références bibliographiques. |
| 650 | 6|aBovins|xIndustrie|zCanada. |
| 650 | 6|aBovins laitiers|zCanada. |
| 650 | 6|aÉtudes de marché|zÉtats-Unis (Sud) |
| 651 | 0|aCanada|xCommerce|zÉtats-Unis (Sud) |
| 710 | 1 |aCanada. |bIndustrie et commerce, |eorganisme de publication. |
| 775 | 08|tThe potential for marketing Canadian dairy replacement heifers in a nine state area of the southern United States / |w(CaOODSP)9.933137 |
| 856 | 40|qPDF|s1.30 Mo|uhttps://publications.gc.ca/collections/collection_2025/isde-ised/Id35-10-1981-fra.pdf |